<?xml version="1.0" encoding="UTF-8"?><?xml-stylesheet type="text/xsl" href="static/style.xsl"?><OAI-PMH xmlns="http://www.openarchives.org/OAI/2.0/" xmlns:xsi="http://www.w3.org/2001/XMLSchema-instance" xsi:schemaLocation="http://www.openarchives.org/OAI/2.0/ http://www.openarchives.org/OAI/2.0/OAI-PMH.xsd"><responseDate>2026-04-27T18:37:25Z</responseDate><request verb="GetRecord" identifier="oai:riubu.ubu.es:10259/9969" metadataPrefix="marc">https://riubu.ubu.es/oai/request</request><GetRecord><record><header><identifier>oai:riubu.ubu.es:10259/9969</identifier><datestamp>2025-01-22T01:05:28Z</datestamp><setSpec>com_10259_8005</setSpec><setSpec>com_10259_5086</setSpec><setSpec>com_10259_2604</setSpec><setSpec>col_10259_8021</setSpec></header><metadata><record xmlns="http://www.loc.gov/MARC21/slim" xmlns:doc="http://www.lyncode.com/xoai" xmlns:xsi="http://www.w3.org/2001/XMLSchema-instance" xmlns:dcterms="http://purl.org/dc/terms/" xsi:schemaLocation="http://www.loc.gov/MARC21/slim http://www.loc.gov/standards/marcxml/schema/MARC21slim.xsd">
<leader>00925njm 22002777a 4500</leader>
<datafield tag="042" ind1=" " ind2=" ">
<subfield code="a">dc</subfield>
</datafield>
<datafield tag="720" ind1=" " ind2=" ">
<subfield code="a">Sánchez Ferrer, Leonardo</subfield>
<subfield code="e">author</subfield>
</datafield>
<datafield tag="260" ind1=" " ind2=" ">
<subfield code="c">2017-11</subfield>
</datafield>
<datafield tag="520" ind1=" " ind2=" ">
<subfield code="a">Ideology is one of the most studied questions in social sciences. In previous decades it has been argued that political parties’ ideologies have blurred and reflected fewer differences in their political foundations (Bell 2000; Lipset 2001; Dalton 2006). However, the concepts of left and right remain as vivid in political conflict as they were in the past and have not ceased to remain as a point of reference for political actors, as shown by the fact that it is still the most important single factor explaining citizens’ vote (Thomassen 2005; Montero and Lago 2010).</subfield>
</datafield>
<datafield tag="024" ind2=" " ind1="8">
<subfield code="a">978-3-319-63</subfield>
</datafield>
<datafield tag="024" ind2=" " ind1="8">
<subfield code="a">http://hdl.handle.net/10259/9969</subfield>
</datafield>
<datafield tag="024" ind2=" " ind1="8">
<subfield code="a">10.1007/978-3-319-63826-3_12</subfield>
</datafield>
<datafield tag="245" ind1="0" ind2="0">
<subfield code="a">Ideology: The Reasons Behind Placement on the Left-Right Scale</subfield>
</datafield>
</record></metadata></record></GetRecord></OAI-PMH>